[Event "13th Rochefort Tournament - Masters 2014"]
[Site "Palais des Congres Rochefort"]
[Date "2014.02.22"]
[Round "6.8"]
[White "Brunello, Marina"]
[Black "Vishnu Prasanna. V"]
[Result "1/2-1/2"]
[WhiteElo "2261"]
[BlackElo "2468"]
[PlyCount "141"]

1. e4 e5 2. Nf3 Nc6 3. d4 exd4 4. Nxd4 Bc5 5. Nb3 Bb4+ 6. c3 Be7 7. Bf4 d6 8.
Bd3 Nf6 9. O-O O-O 10. N1d2 Re8 11. h3 b6 12. Nf3 Bb7 13. Qc2 Bf8 14. Rad1 Nd7
15. e5 Ncxe5 16. Bxh7+ Kh8 17. Nxe5 Nxe5 18. Be4 Bxe4 19. Qxe4 Qh4 20. Qf5 Kg8
21. Bg3 Qa4 22. Qb1 c5 23. Rd5 Nc4 24. Na1 Qc6 25. Rfd1 b5 26. Nc2 g6 27. R5d3
Re6 28. b3 Nb6 29. Ne3 c4 30. bxc4 bxc4 31. R3d2 Rd8 32. Nd5 Nxd5 33. Rxd5 Bg7
34. Qb4 Re1+ 35. Kh2 Rxd1 36. Rxd1 d5 37. Qa5 Rd7 38. Re1 Qb6 39. Qa3 Rd8 40.
f3 d4 41. cxd4 Bxd4 42. Qa4 c3 43. Qc4 Bf6 44. Be5 Bxe5+ 45. Rxe5 Qb8 46. Qb5
Qd6 47. Qc5 Qd2 48. Qc4 Qd6 49. Qc5 Qb8 50. Qb5 c2 51. Qxb8 Rxb8 52. Rc5 Rb2
53. a3 Kf8 54. Rc7 Kg7 55. Kg3 Kf6 56. Kf4 Ke6 57. Ke4 Kd6 58. Rc3 Ra2 59. g3
a5 60. h4 a4 61. g4 Ke7 62. Kd3 Kf6 63. Ke4 Kg7 64. Kf4 Kf6 65. Ke4 Kg7 66. Kf4
f6 67. Ke4 Kf7 68. Rc7+ Kg8 69. Rc3 Kf7 70. Rc7+ Kg8 71. Rc3 1/2-1/2

[Event "13th Rochefort Tournament - Masters 2014"]
[Site "Palais des Congres Rochefort"]
[Date "2014.02.22"]
[Round "6.10"]
[White "Antoli Royo, Joaquin Miguel"]
[Black "Dumitrache, Dragos-Nicolae"]
[Result "1-0"]
[WhiteElo "2413"]
[BlackElo "2453"]
[PlyCount "57"]

1. e4 d6 2. d4 Nf6 3. Nc3 e5 4. Nf3 Nbd7 5. Bc4 Be7 6. a4 O-O 7. O-O a5 8. Qe2
c6 9. h3 Qb6 10. Rd1 exd4 11. Nxd4 Nc5 12. b3 Re8 13. Qf3 Be6 14. Bf1 Rad8 15.
Bb2 Bc8 16. Re1 Bf8 17. Rad1 Qc7 18. Re3 d5 19. exd5 Rxe3 20. Qxe3 Nxd5 21.
Nxd5 Rxd5 22. Re1 Rd8 23. Bc4 h6 24. Qf3 Bd6 25. Qh5 Qd7 26. Re3 Rf8 27. Re5 b6
28. Nf5 Bxe5 29. Nxh6+ 1-0

[Event "13th Rochefort Tournament - Masters 2014"]
[Site "Palais des Congres Rochefort"]
[Date "2014.02.22"]
[Round "6.12"]
[White "Boulet, Philippe"]
[Black "Mateo, Ramon"]
[Result "0-1"]
[WhiteElo "2177"]
[BlackElo "2413"]
[PlyCount "88"]

1. e4 c5 2. Nf3 e6 3. b3 b6 4. Bb2 Bb7 5. Bd3 Nc6 6. a3 d6 7. O-O Nf6 8. Re1
Be7 9. Nc3 O-O 10. Ne2 Qc7 11. Ng3 Ne5 12. Nxe5 dxe5 13. Nh5 g6 14. Nxf6+ Bxf6
15. f4 Bg7 16. f5 exf5 17. exf5 Rad8 18. Qg4 Rfe8 19. Bc3 Qd7 20. h3 a6 21.
fxg6 hxg6 22. Qxd7 Rxd7 23. Be4 Bxe4 24. Rxe4 f5 25. Re2 Bh6 26. d3 e4 27. dxe4
fxe4 28. Rf1 Re6 29. a4 b5 30. Rf6 Rd1+ 31. Kh2 Rxf6 32. Bxf6 e3 33. Kg3 Rf1
34. Be5 Kf7 35. Bd6 Rf5 36. axb5 axb5 37. b4 cxb4 38. Bxb4 Bf4+ 39. Kg4 Bc7 40.
Be1 Bb6 41. Kg3 Kf6 42. h4 Rf1 43. c4 Kf5 44. Rb2 Bc7+ 0-1

[Event "13th Rochefort Tournament - Masters 2014"]
[Site "Palais des Congres Rochefort"]
[Date "2014.02.22"]
[Round "5.1"]
[White "Colin, Vincent"]
[Black "Ider, Borya"]
[Result "1-0"]
[WhiteElo "2412"]
[BlackElo "2378"]
[PlyCount "163"]

1. d4 e6 2. Nf3 Nf6 3. e3 c5 4. Bd3 d5 5. b3 Nc6 6. Bb2 Bd6 7. Nbd2 O-O 8. O-O
Qe7 9. Ne5 Qc7 10. Nxc6 bxc6 11. h3 cxd4 12. exd4 Ne8 13. Qe2 f5 14. c4 Nf6 15.
c5 Be7 16. Nf3 Ne4 17. Ne5 Bf6 18. Rfc1 Rb8 19. Rc2 Bd7 20. Qe1 Be8 21. b4 h5
22. f3 Ng5 23. h4 Bxe5 24. dxe5 Nf7 25. f4 Nh6 26. Bd4 Bd7 27. a4 Qb7 28. Rb2
Qa8 29. b5 g6 30. Rab1 Nf7 31. Rb3 Rb7 32. Be2 Kh7 33. Qa5 Rfb8 34. Rb4 Nd8 35.
Kf2 Kh6 36. Ke3 Kg7 37. Kd2 Kh7 38. R1b2 Kg7 39. Kc1 Kf7 40. Kb1 Kg7 41. Ka2
Kf7 42. Ka3 Ke8 43. R4b3 Kf7 44. Qc3 cxb5 45. axb5 a6 46. bxa6 Ra7 47. Rb6 Rxb6
48. Rxb6 Bc8 49. Qa5 Nc6 50. Rxc6 Qxc6 51. Bb5 Rxa6 52. Qxa6 Qxa6+ 53. Bxa6
Bxa6 54. Kb4 Bf1 55. c6 Ke7 56. Kc5 Kd8 57. Kd6 Bb5 58. Bb6+ Kc8 59. Kxe6 d4
60. Bxd4 Bxc6 61. Ke7 Bxg2 62. e6 Bd5 63. Kd6 Bb3 64. e7 Ba4 65. Bc5 Bb5 66.
Ke6 Be8 67. Kf6 Kc7 68. Kg7 Kd7 69. Kf8 g5 70. fxg5 f4 71. Kg7 Ke6 72. Kf8 Kd7
73. Bf2 f3 74. Be1 Bg6 75. Kg7 Be8 76. g6 Kxe7 77. Kh7 Kf6 78. g7 Bg6+ 79. Kh8
Bf7 80. g8=Q Bxg8 81. Kxg8 Kg6 82. Bf2 1-0

[Event "13th Rochefort Tournament - Masters 2014"]
[Site "Palais des Congres Rochefort"]
[Date "2014.02.22"]
[Round "5.2"]
[White "Solodovnichenko, Yuri"]
[Black "Loiseau, Quentin"]
[Result "1-0"]
[WhiteElo "2586"]
[BlackElo "2394"]
[PlyCount "71"]

1. e4 c6 2. d4 d5 3. e5 Bf5 4. Nf3 e6 5. Be2 c5 6. Be3 cxd4 7. Nxd4 Ne7 8. Nd2
Nbc6 9. N2f3 Be4 10. O-O Ng6 11. c4 Be7 12. Nxc6 bxc6 13. cxd5 Bxf3 14. gxf3
exd5 15. f4 O-O 16. Bd3 f5 17. Qa4 Qd7 18. Kh1 Bd8 19. Rac1 Ne7 20. b4 Bb6 21.
b5 cxb5 22. Bxb5 Qe6 23. Bd7 Qh6 24. Rg1 Rab8 25. Qa3 Qh4 26. Rg5 Ng6 27. Rcg1
d4 28. Bc1 Qxf2 29. Be6+ Kh8 30. Rxg6 d3 31. Qxd3 Rfd8 32. Qh3 Qxg1+ 33. Rxg1
Bxg1 34. Bxf5 g6 35. Bxg6 Rb7 36. Bb2 1-0

[Event "13th Rochefort Tournament - Masters 2014"]
[Site "Palais des Congres Rochefort"]
[Date "2014.02.22"]
[Round "5.3"]
[White "Bachmann, Axel"]
[Black "Kambrath, Yannick"]
[Result "1-0"]
[WhiteElo "2577"]
[BlackElo "2293"]
[PlyCount "75"]

1. d4 Nf6 2. Nf3 g6 3. Bf4 Bg7 4. e3 O-O 5. Be2 c5 6. c3 d6 7. h3 b6 8. O-O Bb7
9. a4 Nc6 10. Bh2 Rc8 11. d5 Nb8 12. c4 Na6 13. Na3 Nc7 14. e4 Nd7 15. Nd2 Rb8
16. f4 a6 17. Nf3 Re8 18. Qd2 e5 19. g4 Bc8 20. Rf2 f6 21. Raf1 exf4 22. Bxf4
Ne5 23. Nxe5 fxe5 24. Bh6 Qe7 25. Bxg7 Kxg7 26. Rf6 Qxf6 27. Rxf6 Kxf6 28. Qh6
Rh8 29. Nc2 Bd7 30. Ne3 Rbf8 31. Nf5 Bxf5 32. exf5 Kf7 33. Bd3 Rfg8 34. fxg6+
hxg6 35. Bxg6+ Kf6 36. Bh7+ Ke7 37. g5 Rf8 38. g6 1-0

[Event "13th Rochefort Tournament - Masters 2014"]
[Site "Palais des Congres Rochefort"]
[Date "2014.02.22"]
[Round "5.4"]
[White "Kozhuharov, Spas"]
[Black "Marholev, Dimitar"]
[Result "1-0"]
[WhiteElo "2463"]
[BlackElo "2315"]
[PlyCount "69"]

1. d4 Nf6 2. c4 e6 3. Nc3 Bb4 4. Qc2 d5 5. cxd5 exd5 6. Bg5 h6 7. Bxf6 Qxf6 8.
a3 Bxc3+ 9. Qxc3 Nc6 10. e3 O-O 11. Nf3 Bg4 12. Be2 Qd6 13. Rc1 Rac8 14. Qc5
Qd8 15. h3 Bh5 16. b4 Re8 17. O-O Re6 18. Qb5 a6 19. Qxb7 Rb8 20. Qxc6 Rxc6 21.
Rxc6 Rb6 22. Rfc1 Rxc6 23. Rxc6 f6 24. Rxa6 Qe8 25. b5 Qd7 26. Ne1 Qd8 27. a4
c6 28. b6 Qc8 29. a5 Qxa6 30. Bxa6 Kf7 31. Nd3 Ke7 32. Nc5 f5 33. Bd3 f4 34. e4
dxe4 35. Bxe4 1-0

[Event "13th Rochefort Tournament - Masters 2014"]
[Site "Palais des Congres Rochefort"]
[Date "2014.02.22"]
[Round "5.5"]
[White "Manea, Alexandru"]
[Black "Barbosa, Evandro Amorim"]
[Result "1/2-1/2"]
[WhiteElo "2385"]
[BlackElo "2459"]
[PlyCount "43"]

1. d4 Nf6 2. c4 g6 3. Nc3 d5 4. Nf3 Bg7 5. Bf4 O-O 6. Rc1 dxc4 7. e4 Bg4 8.
Bxc4 Nh5 9. Be3 Bxf3 10. gxf3 e6 11. Qd2 Nc6 12. d5 Ne5 13. Be2 exd5 14. exd5
Qh4 15. h3 Nc4 16. Bxc4 Qxc4 17. Ne2 Qxa2 18. Rxc7 Qb1+ 19. Qd1 Qxb2 20. O-O
Rfd8 21. Qd3 b6 22. d6 1/2-1/2

[Event "13th Rochefort Tournament - Masters 2014"]
[Site "Palais des Congres Rochefort"]
[Date "2014.02.22"]
[Round "5.6"]
[White "Saada, Julien"]
[Black "Santiago, Yago De Moura"]
[Result "1-0"]
[WhiteElo "2355"]
[BlackElo "2451"]
[PlyCount "77"]

1. d4 f5 2. g3 Nf6 3. Bg2 g6 4. Nh3 Nc6 5. Nc3 d6 6. d5 Ne5 7. Nf4 Bg7 8. h3 c6
9. e4 O-O 10. O-O fxe4 11. Nxe4 cxd5 12. Nxf6+ Rxf6 13. Nxd5 Rf7 14. Bg5 Qd7
15. Qe2 e6 16. Nc3 Qc7 17. Nb5 Qc4 18. Rfe1 Qxe2 19. Rxe2 Nc4 20. c3 a6 21. Nd4
Bxd4 22. cxd4 d5 23. Bf4 Na5 24. h4 Nc6 25. Be5 Bd7 26. f4 Rc8 27. Rc1 Rff8 28.
Rec2 Nb4 29. Rxc8 Rxc8 30. Rxc8+ Bxc8 31. a3 Nd3 32. b3 Nc1 33. b4 Bd7 34. Bf3
Na2 35. Bd1 Nc3 36. Bc2 Ba4 37. Bd3 Bb5 38. Bc2 Ba4 39. Bd3 1-0

[Event "13th Rochefort Tournament - Masters 2014"]
[Site "Palais des Congres Rochefort"]
[Date "2014.02.22"]
[Round "5.7"]
[White "Panbukchian, Valentin"]
[Black "Raghavi, N."]
[Result "1-0"]
[WhiteElo "2309"]
[BlackElo "2213"]
[PlyCount "108"]

1. f4 d5 2. Nf3 Nf6 3. g3 g6 4. Bg2 Bg7 5. O-O O-O 6. d3 Nc6 7. c3 Qd6 8. Na3
a6 9. Kh1 Bg4 10. Qc2 Qd7 11. e4 dxe4 12. dxe4 Bh3 13. Rd1 Qg4 14. Nc4 Rad8 15.
Re1 Bxg2+ 16. Kxg2 Qe6 17. Qe2 h6 18. h3 Nd7 19. g4 b5 20. Ncd2 Nc5 21. Nb3 Nd3
22. Rd1 Qc4 23. Kf1 f5 24. gxf5 gxf5 25. e5 Nxc1 26. Qxc4+ bxc4 27. Rxd8 Rxd8
28. Nxc1 h5 29. Ne2 Bh6 30. Kf2 Kf7 31. b4 cxb3 32. axb3 a5 33. Ra4 Ke8 34. Ke3
e6 35. Ned4 Nxd4 36. Nxd4 Kd7 37. Rxa5 Rg8 38. Kf3 h4 39. Ne2 Rb8 40. b4 Rg8
41. Ra1 Ke7 42. b5 Kd7 43. Rd1+ Ke7 44. Rg1 Rd8 45. Nd4 Kf7 46. Ra1 Rg8 47. Ne2
Rb8 48. c4 Ke7 49. Ra6 Rb6 50. Ra7 Kd7 51. Nd4 Bf8 52. Ra8 Bc5 53. Nb3 Be7 54.
Nd4 Bc5 1-0

[Event "13th Rochefort Tournament - Masters 2014"]
[Site "Palais des Congres Rochefort"]
[Date "2014.02.22"]
[Round "5.8"]
[White "Dumitrache, Dragos-Nicolae"]
[Black "Brunello, Marina"]
[Result "1/2-1/2"]
[WhiteElo "2453"]
[BlackElo "2261"]
[PlyCount "54"]

1. e4 c5 2. c4 d6 3. Nc3 Nc6 4. g3 g6 5. Bg2 Bg7 6. Nge2 h5 7. h3 h4 8. g4 e5
9. d3 Be6 10. f4 exf4 11. Nxf4 Be5 12. O-O Nd4 13. Rb1 Ne7 14. Bd2 Nec6 15.
Ncd5 g5 16. Nh5 Rh6 17. Kh1 Kd7 18. b4 b6 19. bxc5 dxc5 20. a4 Rc8 21. Rf2 Rb8
22. Be3 a5 23. Qd2 Rg6 24. Rbf1 Nb3 25. Qd1 Nbd4 26. Qd2 Nb3 27. Qd1 Nbd4
1/2-1/2

[Event "13th Rochefort Tournament - Masters 2014"]
[Site "Palais des Congres Rochefort"]
[Date "2014.02.22"]
[Round "5.9"]
[White "Lalic, Bogdan"]
[Black "Boulet, Philippe"]
[Result "1-0"]
[WhiteElo "2489"]
[BlackElo "2177"]
[PlyCount "123"]

1. c4 e6 2. g3 d5 3. Bg2 dxc4 4. Qa4+ Nd7 5. Qxc4 a6 6. Qc2 Ngf6 7. Nf3 c5 8.
O-O b5 9. b3 Bb7 10. d3 Be7 11. e4 O-O 12. Nc3 Rc8 13. a4 Qb6 14. axb5 axb5 15.
h3 Bc6 16. Be3 Qb7 17. Rab1 Rfd8 18. Rfc1 Ne8 19. Qe2 b4 20. Nd1 Bb5 21. Nb2
Nb6 22. Nd2 Qd7 23. Bf1 Bf6 24. Rxc5 Bxb2 25. Rxb2 Bxd3 26. Qxd3 Qxd3 27. Bxd3
Rxd3 28. Rb5 Nd7 29. Rxb4 Ne5 30. Ra2 h5 31. Kg2 Rcd8 32. Rba4 Nc6 33. Rc2 Nd4
34. Rxd4 R8xd4 35. Bxd4 Rxd4 36. Kf3 Kf8 37. Ke3 Rb4 38. Rc5 g6 39. Kd3 Nd6 40.
Kc3 Rb7 41. b4 Nb5+ 42. Kc4 Nd6+ 43. Kb3 Ke7 44. Ra5 Rd7 45. f3 Nb7 46. Ra2 f5
47. b5 Nd6 48. Kb4 Rb7 49. Ra5 g5 50. e5 Nf7 51. Nc4 Nd8 52. Ra6 Rd7 53. Nd6 g4
54. hxg4 hxg4 55. fxg4 fxg4 56. Ra2 Rc7 57. Rh2 Rc1 58. Rh7+ Kf8 59. Rd7 Nc6+
60. bxc6 Rxc6 61. Rf7+ Kg8 62. Rf4 1-0

[Event "13th Rochefort Tournament - Masters 2014"]
[Site "Palais des Congres Rochefort"]
[Date "2014.02.22"]
[Round "5.10"]
[White "Rudolf, Anna"]
[Black "Lagarde, Maxime"]
[Result "0-1"]
[WhiteElo "2297"]
[BlackElo "2514"]
[PlyCount "94"]

1. e4 c5 2. Nf3 Nc6 3. Bb5 g6 4. Bxc6 bxc6 5. O-O Bg7 6. Re1 Nf6 7. e5 Nd5 8.
d4 cxd4 9. Qxd4 O-O 10. Qh4 f6 11. Bh6 g5 12. Nxg5 Bxh6 13. Qxh6 fxg5 14. Qxg5+
Kh8 15. Nd2 Nf4 16. Qh6 c5 17. Ne4 Ne6 18. h4 Bb7 19. Rad1 Qe8 20. Ng5 Nxg5 21.
hxg5 Bc6 22. Re3 Qg6 23. Rdd3 Rf5 24. Qxg6 hxg6 25. Rc3 Rb8 26. b3 Rb5 27. a4
Ra5 28. f3 c4 29. Rxc4 Raxe5 30. Rxe5 Rxe5 31. Rg4 Re2 32. Rc4 Kg7 33. Rc5 Kf7
34. Kf1 Rd2 35. Rc3 Rd5 36. f4 e5 37. Rc4 exf4 38. Rxf4+ Rf5 39. g3 Rxf4+ 40.
gxf4 Be4 41. c3 Bc2 42. b4 Bxa4 43. Ke2 Ke6 44. c4 Kf5 45. Ke3 Bb3 46. Kd4 Kxf4
47. b5 d6 0-1

[Event "13th Rochefort Tournament - Masters 2014"]
[Site "Palais des Congres Rochefort"]
[Date "2014.02.22"]
[Round "8.1"]
[White "Bachmann, Axel"]
[Black "Kozhuharov, Spas"]
[Result "1/2-1/2"]
[WhiteElo "2577"]
[BlackElo "2463"]
[PlyCount "30"]

1. c4 Nf6 2. Nf3 g6 3. Nc3 d5 4. d4 Bg7 5. Qb3 dxc4 6. Qxc4 O-O 7. Bf4 Na6 8.
e3 c5 9. dxc5 Qa5 10. Qb5 Qxb5 11. Bxb5 Nxc5 12. O-O Bd7 13. Be2 Nfe4 14. Nxe4
Nxe4 15. Be5 Rfd8 1/2-1/2

[Event "13th Rochefort Tournament - Masters 2014"]
[Site "Palais des Congres Rochefort"]
[Date "2014.02.22"]
[Round "8.2"]
[White "Colin, Vincent"]
[Black "Manea, Alexandru"]
[Result "1/2-1/2"]
[WhiteElo "2412"]
[BlackElo "2385"]
[PlyCount "47"]

1. c4 Nf6 2. Nc3 c6 3. e4 d5 4. e5 d4 5. exf6 dxc3 6. fxg7 cxd2+ 7. Bxd2 Bxg7
8. Qc2 Qd4 9. Bc3 Qg4 10. f3 Qg5 11. f4 Qh6 12. Nf3 Bg4 13. Be2 Nd7 14. O-O
Bxc3 15. Qxc3 Qf6 16. Qxf6 Nxf6 17. Rad1 Rg8 18. Rfe1 Rd8 19. Rxd8+ Kxd8 20.
Ng5 Bxe2 21. Rxe2 Ke8 22. g3 e6 23. Nf3 Ke7 24. Rd2 1/2-1/2

[Event "13th Rochefort Tournament - Masters 2014"]
[Site "Palais des Congres Rochefort"]
[Date "2014.02.22"]
[Round "8.3"]
[White "Barbosa, Evandro Amorim"]
[Black "Panbukchian, Valentin"]
[Result "1-0"]
[WhiteElo "2459"]
[BlackElo "2309"]
[PlyCount "87"]

1. e4 e6 2. d4 d5 3. Nc3 Nc6 4. e5 Nge7 5. Nf3 b6 6. Bd3 Nb4 7. Be2 c5 8. Nb5
Ng6 9. h4 a6 10. h5 axb5 11. hxg6 fxg6 12. c3 Nc6 13. Bxb5 Bd7 14. Bd3 Ne7 15.
Bg5 Kf7 16. Qc2 Kg8 17. c4 Qc8 18. dxc5 bxc5 19. O-O Nc6 20. Bd2 Be7 21. Rfe1
Rb8 22. b3 d4 23. Re4 Qd8 24. Rg4 Nb4 25. Bxb4 Rxb4 26. a3 Rb8 27. b4 Be8 28.
bxc5 Bxc5 29. Ng5 Qe7 30. Rb1 Rd8 31. Ne4 Bc6 32. a4 Bxe4 33. Rxe4 g5 34. a5 g4
35. Re2 Kf7 36. Qa4 Qc7 37. Rb5 g5 38. Qd1 Ra8 39. Ra2 Rhb8 40. g3 Ra7 41. Kg2
Ra6 42. Kg1 Kg8 43. Rab2 Rxb5 44. Rxb5 1-0

[Event "13th Rochefort Tournament - Masters 2014"]
[Site "Palais des Congres Rochefort"]
[Date "2014.02.22"]
[Round "8.4"]
[White "Demuth, Adrien"]
[Black "Solodovnichenko, Yuri"]
[Result "1/2-1/2"]
[WhiteElo "2478"]
[BlackElo "2586"]
[PlyCount "81"]

1. d4 d5 2. c4 e6 3. Nf3 c6 4. Nc3 dxc4 5. e3 b5 6. a4 Bb4 7. Bd2 a5 8. axb5
Bxc3 9. Bxc3 cxb5 10. b3 Bb7 11. bxc4 b4 12. Bb2 Nf6 13. Bd3 Nbd7 14. O-O O-O
15. Nd2 e5 16. Bc2 Qc7 17. d5 Rfe8 18. Kh1 e4 19. f4 Nc5 20. Nb3 Nfd7 21. Qg4
f6 22. Nxc5 Nxc5 23. Bxf6 b3 24. Bb1 a4 25. Bd4 a3 26. f5 b2 27. Ra2 Nb3 28. f6
Qf7 29. Bc3 Nc1 30. Qxg7+ Qxg7 31. fxg7 Red8 32. Rxa3 Rxa3 33. Rf8+ Rxf8 34.
gxf8=Q+ Kxf8 35. Bb4+ Ke8 36. Bxa3 Nd3 37. Kg1 Ba6 38. Kf1 Bxc4 39. Ke2 Bxd5
40. Kd2 Bc6 41. Bxd3 1/2-1/2

[Event "13th Rochefort Tournament - Masters 2014"]
[Site "Palais des Congres Rochefort"]
[Date "2014.02.22"]
[Round "8.5"]
[White "Constantinou, Peter"]
[Black "Lagarde, Maxime"]
[Result "1/2-1/2"]
[WhiteElo "2270"]
[BlackElo "2514"]
[PlyCount "27"]

1. d4 f5 2. Nc3 d5 3. Bf4 Nf6 4. e3 a6 5. Nf3 e6 6. Bd3 c5 7. dxc5 Bxc5 8. O-O
Nc6 9. Ne2 Qe7 10. Ned4 O-O 11. c4 Ne4 12. cxd5 exd5 13. Rc1 Bxd4 14. Nxd4
1/2-1/2

[Event "13th Rochefort Tournament - Masters 2014"]
[Site "Palais des Congres Rochefort"]
[Date "2014.02.22"]
[Round "8.6"]
[White "Saada, Julien"]
[Black "Vishnu Prasanna. V"]
[Result "1/2-1/2"]
[WhiteElo "2355"]
[BlackElo "2468"]
[PlyCount "83"]

1. d4 Nf6 2. Nf3 g6 3. Nbd2 Bg7 4. e4 O-O 5. Bd3 d6 6. O-O Nc6 7. c3 e5 8. dxe5
dxe5 9. Nc4 Nh5 10. g3 b6 11. Qe2 Bb7 12. Ne3 Nf6 13. Rd1 Qe7 14. Nd5 Nxd5 15.
exd5 Nb8 16. Bc4 Nd7 17. Be3 e4 18. Bf4 Rfe8 19. Ng5 Ne5 20. Bb5 Nd3 21. Bxd3
exd3 22. Qxe7 Rxe7 23. Rxd3 Rd8 24. Rad1 Red7 25. d6 cxd6 26. Rxd6 Rxd6 27.
Rxd6 Rxd6 28. Bxd6 Bd5 29. a3 Bh6 30. f4 f6 31. Nh3 Kf7 32. Bb8 a6 33. Ba7 b5
34. Nf2 Ke6 35. Ng4 Bf8 36. Bd4 Be7 37. Kf2 Be4 38. Ke3 Bb1 39. Nf2 Kd5 40. Nd3
Kc4 41. Nb4 Bxb4 42. cxb4 1/2-1/2

[Event "13th Rochefort Tournament - Masters 2014"]
[Site "Palais des Congres Rochefort"]
[Date "2014.02.22"]
[Round "8.7"]
[White "Antoli Royo, Joaquin Miguel"]
[Black "Lalic, Bogdan"]
[Result "1/2-1/2"]
[WhiteElo "2413"]
[BlackElo "2489"]
[PlyCount "79"]

1. e4 c6 2. d4 d5 3. Nc3 dxe4 4. Nxe4 Nd7 5. Bc4 Ngf6 6. Ng5 e6 7. Qe2 Nb6 8.
Bb3 h6 9. N5f3 a5 10. a3 c5 11. Be3 Qc7 12. c3 Bd6 13. Nd2 O-O 14. Ngf3 Nbd5
15. Nc4 Nxe3 16. fxe3 Be7 17. a4 Bd7 18. Nfe5 Be8 19. O-O b5 20. axb5 Bxb5 21.
Ba4 Ba6 22. Bc2 Rfd8 23. Bd3 Bxc4 24. Nxc4 Nd5 25. Qf3 Bg5 26. g3 cxd4 27. exd4
Bf6 28. Rae1 a4 29. Na3 Ra5 30. Qe4 g6 31. Re2 Bg7 32. Ref2 Rd7 33. Nc4 Ra7 34.
Na3 Ra5 35. Nb5 Qb6 36. Qe2 Re7 37. Na3 Raa7 38. Nb5 Ra5 39. Na3 Raa7 40. Nb5
1/2-1/2

[Event "13th Rochefort Tournament - Masters 2014"]
[Site "Palais des Congres Rochefort"]
[Date "2014.02.22"]
[Round "8.8"]
[White "Milchev, Nikolay"]
[Black "Loiseau, Quentin"]
[Result "0-1"]
[WhiteElo "2465"]
[BlackElo "2394"]
[PlyCount "94"]

1. c4 c6 2. d4 d5 3. cxd5 cxd5 4. Nc3 Nf6 5. Bf4 a6 6. e3 Nc6 7. Bd3 e6 8. Rc1
Be7 9. h3 O-O 10. Nf3 Bd7 11. O-O b5 12. Ne5 Rc8 13. a4 b4 14. Nxd7 Qxd7 15.
Nb1 Ra8 16. Nd2 Na5 17. Rc7 Qd8 18. Qe2 Bd6 19. Bxd6 Qxd6 20. Rc5 Nb7 21. Rc2
Na5 22. Rfc1 Rfd8 23. f4 Nd7 24. Qh5 g6 25. Qg5 Kg7 26. b3 h6 27. Qh4 Qf8 28.
Rc7 Rdc8 29. Bxa6 Rxc7 30. Rxc7 Qd6 31. Rc1 Rxa6 32. Rc8 Nb6 33. Rd8 Qc7 34.
Nf3 Ra8 35. Rxa8 Nxa8 36. Ne5 h5 37. g4 f6 38. gxh5 fxe5 39. dxe5 Qf7 40. hxg6
Qxg6+ 41. Kf2 Nc6 42. a5 Nc7 43. Kf3 Nb5 44. a6 Nbd4+ 45. exd4 Nxd4+ 46. Kf2
Qc2+ 47. Kf1 Qe2+ 0-1

[Event "13th Rochefort Tournament - Masters 2014"]
[Site "Palais des Congres Rochefort"]
[Date "2014.02.22"]
[Round "8.9"]
[White "Dumitrache, Dragos-Nicolae"]
[Black "Ider, Borya"]
[Result "1-0"]
[WhiteElo "2453"]
[BlackElo "2378"]
[PlyCount "111"]

1. d4 Nf6 2. c4 e5 3. dxe5 Ng4 4. Bf4 Nc6 5. Nf3 Bb4+ 6. Nbd2 Qe7 7. e3 Ngxe5
8. Be2 Nxf3+ 9. Bxf3 Ne5 10. Be2 b6 11. O-O Bxd2 12. Qxd2 Bb7 13. c5 bxc5 14.
Qc3 Ng6 15. Bxc7 d6 16. Ba5 O-O 17. Rae1 Qg5 18. f3 Rfe8 19. Bd1 Re6 20. Qd2
Qe7 21. e4 Ne5 22. Be2 Rh6 23. Qf4 Ng6 24. Qg3 Nh4 25. Qf2 Nxg2 26. Kxg2 Qe5
27. Kh1 Qxb2 28. Bc4 Qe5 29. Qd2 Re8 30. Rf2 Qh5 31. Bd5 Bxd5 32. exd5 Rb8 33.
Qe3 Rf8 34. Qe4 Rf6 35. Bc3 Rf5 36. Rg1 g6 37. Rd1 Rb8 38. Rb1 Rf8 39. Rd1 Rb8
40. Ba1 a6 41. Rb1 Rf8 42. Rd1 Rb8 43. Rb1 Rf8 44. Qe7 Rxf3 45. Bf6 Rc8 46. Re1
Rf8 47. Rfe2 Qh6 48. Qxd6 g5 49. Be7 Qh3 50. Rg1 Rf1 51. Qg3 Qf5 52. Qxg5+ Qxg5
53. Bxg5 Rxg1+ 54. Kxg1 f6 55. Bh6 Rd8 56. Rg2+ 1-0

[Event "13th Rochefort Tournament - Masters 2014"]
[Site "Palais des Congres Rochefort"]
[Date "2014.02.22"]
[Round "8.10"]
[White "Santiago, Yago De Moura"]
[Black "Marholev, Dimitar"]
[Result "1-0"]
[WhiteElo "2451"]
[BlackElo "2315"]
[PlyCount "59"]

1. d4 Nf6 2. c4 c5 3. d5 e6 4. Nc3 exd5 5. cxd5 Bd6 6. Nf3 O-O 7. Bg5 h6 8. Bh4
Re8 9. e3 Bc7 10. d6 Ba5 11. Bc4 g5 12. Nxg5 hxg5 13. Bxg5 Bxc3+ 14. bxc3 Nc6
15. Qf3 Ne5 16. Qf5 Kg7 17. h4 Nxc4 18. Rh3 Nxd6 19. Bxf6+ Qxf6 20. Rg3+ Qg6
21. Rxg6+ fxg6 22. Qxc5 Nf5 23. g4 Nxh4 24. Qd4+ Kf7 25. Qf4+ Kg7 26. O-O-O d6
27. Rh1 Re5 28. Rxh4 g5 29. Qd4 gxh4 30. f4 1-0

[Event "13th Rochefort Tournament - Masters 2014"]
[Site "Palais des Congres Rochefort"]
[Date "2014.02.22"]
[Round "8.11"]
[White "Brunello, Marina"]
[Black "Mateo, Ramon"]
[Result "1/2-1/2"]
[WhiteElo "2261"]
[BlackElo "2413"]
[PlyCount "36"]

1. e4 c5 2. c3 Nc6 3. Nf3 d5 4. exd5 Qxd5 5. d4 cxd4 6. cxd4 e6 7. Nc3 Qd6 8.
Bc4 Nf6 9. O-O Be7 10. d5 exd5 11. Nxd5 Nxd5 12. Qxd5 Qxd5 13. Bxd5 O-O 14. Bg5
Bxg5 15. Nxg5 h6 16. Ne4 Nb4 17. Bc4 Bf5 18. Nd6 Bd3 1/2-1/2

[Event "13th Rochefort Tournament - Masters 2014"]
[Site "Palais des Congres Rochefort"]
[Date "2014.02.22"]
[Round "9.1"]
[White "Barbosa, Evandro Amorim"]
[Black "Bachmann, Axel"]
[Result "1/2-1/2"]
[WhiteElo "2459"]
[BlackElo "2577"]
[PlyCount "27"]

1. e4 e5 2. Nf3 Nc6 3. Bb5 a6 4. Ba4 Nf6 5. O-O b5 6. Bb3 Bc5 7. a4 Bb7 8. c3
d6 9. d4 Bb6 10. Bg5 h6 11. Bxf6 Qxf6 12. Bd5 O-O 13. Na3 Rfb8 14. Nc2 1/2-1/2

[Event "13th Rochefort Tournament - Masters 2014"]
[Site "Palais des Congres Rochefort"]
[Date "2014.02.22"]
[Round "9.2"]
[White "Kozhuharov, Spas"]
[Black "Colin, Vincent"]
[Result "1-0"]
[WhiteElo "2463"]
[BlackElo "2412"]
[PlyCount "39"]

1. d4 Nf6 2. c4 g6 3. Nc3 Bg7 4. e4 d6 5. f3 O-O 6. Be3 a6 7. Qd2 Nbd7 8. Nh3
c5 9. d5 b5 10. Nf2 Nb6 11. cxb5 Nfd7 12. bxa6 Bxa6 13. Bxa6 Rxa6 14. Nh3 e6
15. Ng5 Nf6 16. dxe6 Qe7 17. exf7+ Kh8 18. O-O c4 19. Rae1 Raa8 20. f4 1-0

[Event "13th Rochefort Tournament - Masters 2014"]
[Site "Palais des Congres Rochefort"]
[Date "2014.02.22"]
[Round "9.3"]
[White "Manea, Alexandru"]
[Black "Dumitrache, Dragos-Nicolae"]
[Result "1-0"]
[WhiteElo "2385"]
[BlackElo "2453"]
[PlyCount "49"]

1. d4 d6 2. e4 Nf6 3. Nc3 e5 4. Nf3 Nbd7 5. Rg1 h6 6. g4 g6 7. g5 hxg5 8. Bxg5
Be7 9. Qd3 exd4 10. Qxd4 Nc5 11. O-O-O Ne6 12. Qc4 c6 13. Bxf6 Bxf6 14. e5 d5
15. Nxd5 cxd5 16. Rxd5 Bd7 17. Qb3 Be7 18. Bb5 Nc5 19. Rxc5 Bxc5 20. e6 Bxb5
21. Qxb5+ Kf8 22. Qxb7 fxe6 23. Ne5 Be7 24. Qf3+ Bf6 25. Rxg6 1-0